|
|
|
|
| LEADER |
01190nam a22002537a 4500 |
| 001 |
37803 |
| 003 |
BD-DhAAL |
| 008 |
220223t1997 bg ||||| b||| 00| 0 ben d |
| 999 |
|
|
|c 43561
|d 43561
|
| 040 |
|
|
|a BD-DhAAL
|
| 082 |
|
|
|a 370.95492
|
| 100 |
|
|
|a চৌধুরী, রওশন আরা
|9 46010
|
| 245 |
|
|
|a শিক্ষা প্রশাসনের মূলনীতি /
|c রওশন আরা চৌধুরী
|
| 246 |
|
|
|a Principles of Educational Administration
|
| 250 |
|
|
|a দ্বিতীয় মুদ্রণ
|
| 260 |
|
|
|a ঢাকা :
|b করবী,
|c ১৯৯৭
|
| 300 |
|
|
|a ১৮১ পৃষ্ঠা ;
|b ২২ সে.মি.
|
| 504 |
|
|
|a গ্রন্থপঞ্জিগত নির্দেশিকা অন্তর্ভুক্ত।
|
| 526 |
|
|
|a BIED
|
| 541 |
|
|
|a Complimentary copy from BIED
|e 37803
|
| 650 |
|
|
|a Education
|z Bangladesh.
|9 46011
|
| 852 |
|
|
|a Ayesha Abed Library
|c BIED Collection
|
| 942 |
|
|
|2 ddc
|c BK
|
| 952 |
|
|
|0 0
|1 0
|2 ddc
|4 0
|6 370_954920000000000_CHO
|7 0
|9 69868
|a BRACUL
|b BRACUL
|c GEN
|d 2022-02-23
|e Complimentary copy from BIED
|l 0
|o 370.95492 CHO
|p 3010037803
|r 2022-02-23
|t 1
|w 2022-02-23
|y BK
|x Transferred from BIED to General Stacks
|